000 00580nam a2200193 a 4500
005 20140310183341.0
008 070122s19uu xx 00 eng d
020 _a2884790527
050 _aTR 146
_b.Ol48 2005
100 _aOliver, Vincent
245 _aAn advanced guide to digital photography /
_cVincent Oliver
260 _aSwitzerland :
_bAVA Publishing SA,
_c2005.
300 _a144 p. :
_bcol. ill. ;
_c22 cm.
521 _aMA
650 _aPhotography
_xDigital technique.
650 _aImage processing
_xDigital technique.
942 _cBK
_2lcc
_kFOR
999 _c21820
_d21820